Pump selection and troubleshooting field guide /

Bibliographic Details
Main Author: Beverly, Richard P.
Corporate Author: American Water Works Association
Format: Book
Language:English
Published: Denver, CO : American Water Works Association, [2009]
Subjects:

MARC

Tag First Indicator Second Indicator Subfields
LEADER 00000cam a22000004a 4500
001 in00002497521
005 20151111050405.0
008 090422s2009 coua 001 0 eng
010 |a  2009016035 
020 |a 9781583217276 (alk. paper) 
020 |a 1583217274 (alk. paper) 
035 |a (OCoLC)ocn319247407 
035 |a (OCoLC)319247407 
040 |a DLC  |c DLC  |d YDX  |d YDXCP  |d UtOrBLW 
049 |a TXAM 
050 0 0 |a TJ900  |b .B485 2009 
082 0 0 |a 628.1/44  |2 22 
100 1 |a Beverly, Richard P. 
245 1 0 |a Pump selection and troubleshooting field guide /  |c Richard P. Beverly. 
264 1 |a Denver, CO :  |b American Water Works Association,  |c [2009] 
264 4 |c ©2009 
300 |a xi, 123 pages :  |b illustrations ;  |c 23 cm. 
336 |a text  |b txt  |2 rdacontent 
337 |a unmediated  |b n  |2 rdamedia 
338 |a volume  |b nc  |2 rdacarrier 
500 |a Includes index. 
504 |a Includes bibliographical references and index. 
650 0 |a Pumping machinery. 
710 2 |a American Water Works Association. 
938 |a YBP Library Services  |b YANK  |n 3033175 
945 |a PromptCat  |b 763765 
946 |a stk 
947 |a A14839932168 
994 |a 92  |b TXA 
948 |a cataloged  |b h  |d 2009/8/13  |h c  |e asalazar  |f 1:01:23 pm 
999 |a MARS 
999 f f |s fa3b023a-9ee9-3a1f-badc-eb093b93753c  |i 526aa3d9-b4f8-3fb8-8cd2-00d0ee8283f7  |t 0 
952 f f |p ric  |a Texas A&M University  |b Rellis Campus  |c Joint Library Facility  |d Remote Storage  |t 0  |e TJ900 .B485 2009  |h Library of Congress classification  |i unmediated -- volume  |m A14839932168 
998 f f |a TJ900 .B485 2009  |t 0  |l Remote Storage